000 01127cam a22003738i 4500
005 20260322212055.0
008 data
010 _a 2013024491
020 _a9781451645101 (hc : alk. paper)
020 _z9781451645125 (ebook : alk. paper)
020 _a9781451645118 (pb : alk. paper)
020 _a1451645104
040 _aDLC
_beng
_cDLC
_erda
042 _apcc
050 0 0 _aBF311
_b.K674 2013
082 0 0 _a153.4
_223
092 _a153.4 K674 2013
100 1 _aKosslyn, Stephen Michael,
_d1948-
245 1 0 _aTop brain, bottom brain :
_bsurprising insights into how you think /
_cStephen Michael Kosslyn & G. Wayne Miller.
260 _aNew York :
_bSimon & Schuster,
_c2013.
263 _a1311
264 1 _aNew York :
_bSimon & Schuster,
_c[2013]
300 _apages cm.
336 _atext
_2rdacontent
337 _aunmediated
_2rdamedia
338 _avolume
_2rdacarrier
504 _aIncludes bibliographical references and index.
650 0 _aCognition.
650 0 _aBrain.
650 0 _aCognitive neuroscience.
650 0 _aCognitive psychology.
700 1 _aMiller, G. Wayne.
001 data
999 _c1322
_d1322